| 000 | 02118nam0a2200373 4500 | ||
|---|---|---|---|
| 001 | RU\NLR\bibl\530686 | ||
| 005 | 20260408062802.0 | ||
| 010 |
_a5-94035-141-7 _9100 |
||
| 021 |
_aRU _b2004-29579 _91493 |
||
| 035 | _a(NLR Aleph) 000523011 | ||
| 090 |
_a1305142 _c1305142 |
||
| 100 | _a20040617d2004 |||y0rusy50 ca | ||
| 101 | 0 | _arus | |
| 102 | _aRU | ||
| 105 | _aa ||||||||| | ||
| 200 | 1 |
_aИнновационные технологии дошкольного образования в современных социокультурных условиях _eУчеб.-метод. пособие _f[Г.В. Фадина, И.Г. Андреева, Е.А. Лобанова и др.] _gБалаш. фил. Сарат. гос. ун-та им. Н.Г. Чернышевского |
|
| 210 |
_aБалашов _cНиколаев _d2004 |
||
| 215 |
_a63 с. _cил. _d20 |
||
| 320 | _aБиблиогр.: с. 55-56 (29 назв.) | ||
| 606 | 0 |
_aДошкольное воспитание _jМетодические пособия _91292985 _3RU\NLR\auth\66217110 |
|
| 606 | 0 |
_aДошкольники _jМетодические пособия _xОбучение _xПсихологические исследования _92307596 _3RU\NLR\auth\661381217 |
|
| 686 | _aЧ411.3 | ||
| 686 | _aЮ984.030.1-353я78 | ||
| 701 | 1 |
_4070 _aФадина _bГ. В. _cканд. пед. наук _gГалина Валерьевна _9209177 _3RU\NLR\AUTH\770209231 |
|
| 701 | 1 |
_4070 _8rus _7ca _aАндреева _bИ. Г. _cканд. пед. наук _gИрина Геннадьевна _3RU\NLR\auth\7736658 _919647 |
|
| 701 | 1 |
_4070 _8rus _7ca _aЛобанова _bЕ. А. _cканд. пед. наук _gЕлена Александровна _3RU\NLR\auth\77108825 _991750 |
|
| 712 | 0 | 2 |
_4570 _aСаратовский государственный университет им. Н. Г. Чернышевского _bФилиал в Балашове _3RU\NLR\AUTH\8810031593 _9561800 |
| 801 | 0 |
_aRU _bNLR _c20040617 _gPSBO |
|
| 801 | 1 |
_aRU _bNLR _c20040617 |
|
| 830 | _a1-й авт. по ЭК | ||
| 942 | _cBOOK | ||
| 980 | _aNB | ||